|
|
|
|
| LEADER |
01072Cam#a22003135a#4500 |
| 001 |
020905 |
| 005 |
20160721155628.0 |
| 008 |
090610s2006####mx d f#b #000|0#spa#d |
| 020 |
|
|
|a 9682326699
|
| 040 |
|
|
|a AR-BeUNQ
|
| 082 |
0 |
4 |
|a 338.98
|2 21
|
| 100 |
1 |
|
|a Rodríguez, Octavio
|
| 245 |
0 |
3 |
|a El estructuralismo latinoamericano /
|c Octavio Rodríguez
|
| 250 |
|
|
|a 1a ed.
|
| 260 |
|
|
|a México, D. F. :
|b Siglo XXI :
|c 2006.
|
| 300 |
|
|
|a 495 p. :
|b gráficos ;
|c 23 cm.
|
| 490 |
1 |
|
|a Economía y demografía / Siglo XXI-CEPAL
|
| 500 |
|
|
|a Incluye referencias.
|
| 500 |
|
|
|a Bibliografía al final de cada capítulo.
|
| 650 |
|
7 |
|a Política económica
|2 spines
|
| 650 |
|
7 |
|a Desarrollo económico
|2 spines
|
| 650 |
|
7 |
|a Cambio sociocultural
|2 spines
|
| 650 |
|
7 |
|a Estructuras económicas
|2 spines
|
| 650 |
|
7 |
|a Estructuras sociales
|2 spines
|
| 650 |
|
7 |
|a Sistemas estructurados
|2 spines
|
| 830 |
|
0 |
|a Economía y demografía (Siglo XXII-CEPAL).
|
| 929 |
|
|
|a DONACION
|b CEPAL
|d 0
|e 20090526
|f PAT0029877
|g 1309 Exp. 827-0387/98
|j 43869
|
| 942 |
|
|
|c LIB
|n 0
|
| 999 |
|
|
|c 20486
|d 95873
|